CMOS digital integrated circuits (Record no. 9985)

MARC details
000 -LEADER
fixed length control field 00470nam a2200205Ia 4500
001 - CONTROL NUMBER
control field 094676
003 - CONTROL NUMBER IDENTIFIER
control field YMCAF
005 - DATE AND TIME OF LATEST TRANSACTION
control field 20230512161939.0
008 - FIXED-LENGTH DATA ELEMENTS--GENERAL INFORMATION
fixed length control field 100717s2007 ||||||||||||||||| ||und|d
024 ## - OTHER STANDARD IDENTIFIER
Standard number or code 94676
035 ## - SYSTEM CONTROL NUMBER
System control number 34134
040 ## - CATALOGING SOURCE
Original cataloging agency YMCAF
Language of cataloging eng
Transcribing agency IN-KoLT
041 ## - LANGUAGE CODE
Language code of text/sound track or separate title eng
082 ## - DEWEY DECIMAL CLASSIFICATION NUMBER
Classification number 621.395
Item number KAN
100 ## - MAIN ENTRY--PERSONAL NAME
Personal name Kang, Sung-Mo
245 #0 - TITLE STATEMENT
Title CMOS digital integrated circuits
Remainder of title anaysis and design
260 ## - PUBLICATION, DISTRIBUTION, ETC.
Name of publisher, distributor, etc. TMH
Date of publication, distribution, etc. 2007
300 ## - PHYSICAL DESCRIPTION
Extent 655
942 ## - ADDED ENTRY ELEMENTS (KOHA)
Source of classification or shelving scheme Dewey Decimal Classification
Koha item type Books
Holdings
Withdrawn status Lost status Damaged status Not for loan Home library Current library Date acquired Cost, normal purchase price Total Checkouts Total Renewals Barcode Date last seen Date last checked out Cost, replacement price Price effective from Koha item type Public note G
        JC Bose University of Science & Technology JC Bose University of Science & Technology 17/07/2010 325.00 2 1 34788 05/12/2025 11/11/2025 325.00 12/05/2023 Books C SI457
        JC Bose University of Science & Technology JC Bose University of Science & Technology 17/07/2010 325.00 1 1 34134 06/06/2025 08/05/2025 325.00 12/05/2023 Books C 3017
        JC Bose University of Science & Technology JC Bose University of Science & Technology 17/07/2010 325.00 3 2 34135 20/11/2023 16/10/2023 325.00 12/05/2023 Books C 3017
      Not For Loan JC Bose University of Science & Technology JC Bose University of Science & Technology 17/07/2010 325.00     34136 12/05/2023   325.00 12/05/2023 Books R 3017
        JC Bose University of Science & Technology JC Bose University of Science & Technology 17/07/2010 325.00     34137 12/05/2023   325.00 12/05/2023 Books C 3017
  Lost     JC Bose University of Science & Technology JC Bose University of Science & Technology 17/07/2010 325.00     34138 12/05/2023   325.00 12/05/2023 Books C 3017
        JC Bose University of Science & Technology JC Bose University of Science & Technology 17/07/2010 325.00 3 1 34784 23/04/2025 04/04/2025 325.00 12/05/2023 Books C SI457
        JC Bose University of Science & Technology JC Bose University of Science & Technology 17/07/2010 325.00 7 2 34785 09/12/2025 17/11/2025 325.00 12/05/2023 Books C SI457
        JC Bose University of Science & Technology JC Bose University of Science & Technology 17/07/2010 325.00 7 3 34786 09/12/2025 17/11/2025 325.00 12/05/2023 Books C SI457
        JC Bose University of Science & Technology JC Bose University of Science & Technology 17/07/2010 325.00 6 3 34787 04/12/2025 17/11/2025 325.00 12/05/2023 Books C SI457